000 01771nam a2200289Ia 4500
999 _c39998
_d39998
001 6604
003 GE_BSU
005 20191119160259.0
008 181216s2012||||ge |||||||||||||| ||geo||
020 _a9789941195860
040 _cGE_BSU
041 _ageo
080 _a94(479.22) ს-32
245 _aსაქართველოს ისტორია 4 ტომად :
_bტ. 3 : საქართველოს ისტორია XIII საუკუნიდან XIX საუკუნემდე /
_cნოდარ ასათიანი, გიორგი ოთხმეზური, მიხეილ სამსონაძე, გივი ჯამბურია ; რედ. მიხეილ სამსონაძე
264 _aთბილისი :
_bპალიტრა L,
_c2014.
300 _a528 გვ.:
_b16 ჩართ.ფ.;
_c25 სმ.
500 _aოთხივე ტომი მოთავსებულია მუყაოს ყუთში.
653 _aსაქართველოს ისტორია
700 _aასათიანი, ნოდარ
_eავტორი
_9932
700 _a ოთხმეზური, გიორგი
_eავტორი
_95459
700 _aსამსონაძე, მიხეილ
_eავტორი
_95460
700 _aჯამბურია, გივი
_eავტორი
_95461
700 _aლორთქიფანიძე, მარიამ
_eრედაქტორი
_95462
700 _aჯაფარიძე, ოთარ
_eრედაქტორი
_95455
700 _aმუსხელიშვილი, დავით და სხვ.
_eრედაქტორი
_95463
942 _cBK
_2udc